000 00693nam a2200241 a 4500
001 0001-1281
003 ELIB.Books
008 150630 2010 eng
020 _a0913367869
035 _a(ELIB.Books)0001-1436
092 _a220
_bBGEA
100 _aBGEA : Billy Graham Evangelistic Association
245 _aThe A to Z Guide to Bible Application:
_bA Resource for appliying the Bible to everyday life
260 _aWheaton
_bTyndale House Publishers, Inc.
_c1996
300 _a257
_c21 Cm
500 _aLibrary
650 _aBible
856 _nKBTS: Library
_uKBTS: Elib
942 _2ddc
_cBK
990 _a1
998 _cbat
_e2015-06-30
999 _c11281
_d11281